000 00864nam a2200193Ia 4500
001 7626
003 GE_BSU
008 181216s||||||||xx |||||||||||||| ||und||
040 _cGE_BSU
245 _aბუღალტრული აღრიცხვა : №7(199). 2013
245 _bსაქართველოს პროფესიონალ ბუღალტერთა და აუდიტორთა ფედერაცია.
245 _cმთავარი რედაქტორი ლავრენტი ჭუმბურიძე.გამოც.რედ:მანანა გველესიანი.
260 _aთბილისი.
260 _c2013.
300 _a63გვ;29სმ.
653 _aბუღალტრული აღრიცხვა.
653 _aპერიოდიკა
942 _cCR
999 _c40978
_d40978